Score 0/27 Timer 03:00
1 Play Today
Woody Allen Movie Missing Word % Correct
Annie ___Hall
90.5%
Take the ___ and RunMoney
86.4%
___ and Her SistersHannah
82.5%
___ and MisdemeanorsCrimes
78%
___ and WivesHusbands
75%
Vicky Cristina ___Barcelona
73%
Midnight in ___Paris
72.3%
The ___ Rose of CairoPurple
68.9%
___ AphroditeMighty
65.4%
___ Over BroadwayBullets
59.1%
A ___ Night's Sex ComedyMidsummer
57.8%
What's up, ___ Lily?Tiger
56.3%
___ and DeathLove
54.6%
Match ___Point
54.2%
Woody Allen Movie Missing Word % Correct
___ Danny RoseBroadway
53.4%
Deconstructing ___Harry
47.2%
___ Murder MysteryManhattan
44.9%
Radio ___Days
44.2%
Stardust ___Memories
40.4%
___ Says I Love YouEveryone
37%
Small Time ___Crooks
36.8%
The Curse of the ___ ScorpionJade
32.7%
___ and LowdownSweet
32.5%
Melinda and ___Melinda
30.7%
Whatever ___Works
23.8%
Shadows and ___Fog
21.7%
Hollywood ___Ending
13.8%

Today's Daily Dose

Remove Ads.
Support Sporcle.
Get the best of Sporcle when you Go Orange. This ad-free experience offers more features, more stats, and more fun while also helping to support Sporcle. Thank you for becoming a member.

You're not logged in!

Compare scores with friends on all Sporcle quizzes.
OR
Log In

Show Comments

Extras

Top Quizzes Today


Score Distribution

Your Account Isn't Verified!

In order to create a playlist on Sporcle, you need to verify the email address you used during registration. Go to your Sporcle Settings to finish the process.

Report this User

Report this user for behavior that violates our Community Guidelines.

Details: